الإحصائيات لـ الدول الأقرب إلى إسرائيل

أنقر هنا لكي تخضع للإختبار!

الإحصائيات العامة

  • هذا الإختبار تم الخضوع له 221 مره
  • الدرجة المتوسطة هي 10 من 20

إحصائيات الإجابة

كمدولة% صحيح
0مصر
96%
0سوريا
94%
0لبنان
93%
0فلسطين
88%
291العراق
85%
0الأردن
78%
834ليبيا
61%
228قبرص
59%
1093الكويت
55%
833سودان
54%
723اليونان
49%
906إيران
33%
16المملكة العربية السعودية
27%
1188روسيا
23%
1057جورجيا
19%
1047أرمينيا
15%
1082أذربيجان
14%
1314رومانيا
11%
1169بلغاريا
9%
285ديك رومي
3%

توزيع النقاط

النسبة وفقا للأرقام

نسبة الأشخاص لكل درجة

سجل النقاط الخاصة بك

لم تضخع لهذا الإختبار